Szczegóły MARC21

Lexikologie der deutschen Gegenwartssprache /

003 -Nazwa inst., której nr kontr. jest w polu 001 [,]
    • @
    • Nazwa instytucji, której n kontrolny jest w polu 001
    • NUKAT
005 -DATA I CZAS OSTATNIEJ MODYFIKACJI [,]
    • @
    • pole kontrolne
    • 20241231085349.0
040 -Instytucja sporządzająca opis [ , ]
    • a
    • Instytucja, która sporządziła opis (NP)
    • TOR U/MS
    • c
    • Instytucja, która sporządziła rekord (NP)
    • TOR U/MS
    • d
    • Instytucja, która zmodyfikowała rekord (P)
    • TOR U/GS
    • d
    • Instytucja, która zmodyfikowała rekord (P)
    • WA U/JKs
942 -Rodzaj dokumentu [ , ]
    • c
    • Rodzaj dokumentu
    • Książka
100 -Hasło główne - nazwa osobowa [1, ]
    • a
    • Nazwa osobowa (NP)
    • Schippan, Thea
    • d
    • Daty biograficzne (NP)
    • (1930- ).
    • 9
    • KHW
    • 304706
245 -Strefa tytułu i oznaczenia odpowiedzialności [1,0]
    • a
    • Tytuł
    • Lexikologie der deutschen Gegenwartssprache / Find
    • c
    • Pozostałe elementy strefy tytułu i oznaczenia odpowiedzialności (NP)
    • Thea Schippan.
260 -Strefa adresu wydawniczego [ , ]
    • a
    • Miejsce wydania (P)
    • Leipzig :
    • b
    • Nazwa wydawcy (P)
    • VEB Bibliographisches Institut,
    • c
    • Data wydania (P)
    • 1984.
300 -Strefa opisu fizycznego [ , ]
    • a
    • Określenie formy książki i/lub objętość (NP)
    • 307 s. :
    • b
    • Oznaczenie ilustracji (NP)
    • il. ;
    • c
    • Format (NP)
    • 22 cm.
336 -Typ zawartości [ , ]
    • a
    • Termin opisujący typ zawartości
    • Tekst
    • b
    • Kod określający zawartość
    • txt
    • 2
    • Źródło (terminu i kodu)
    • rdacontent
337 -Typ mediów [ , ]
    • a
    • Tryb odtwarzania
    • Bez urządzenia pośredniczącego
    • b
    • Kod typu mediów
    • n
    • 2
    • Źródło (terminu i kodu)
    • rdamedia
338 -Typ/rodzaj nośnika [ , ]
    • a
    • Hasło opisujące typ nośnika
    • Wolumin
    • b
    • Kod typu nośnika
    • nc
    • 2
    • Źródło (terminu i kodu)
    • rdacarrier
504 -Uwaga dot. bibliogr. załącznikowej [ , ]
    • a
    • Uwaga dot. bibliografii załącznikowej
    • Bibliogr. s. 284-301. Indeks.
080 -Uniwersalna Klasyfikacja Dziesiętna [ , ]
    • a
    • Symbol klasyfikacji
    • 803.0-3=30
650 -Hasło przedmiotowe [ ,7]
    • a
    • Hasło przedmiotowe
    • Język niemiecki
    • x
    • Określnik rzeczowy
    • leksykologia.
    • 2
    • Źródło terminu
    • kaba
    • 9
    • KHW
    • 386397
980 -Symbol UKD [ , ]
    • a
    • UKD
    • 803.0-3=30
710 -Hasło dodatkowe - nazwa ciała zbiorowego [2, ]
    • a
    • Nazwa ciała zbiorowego lub nazwa geograficzna jako pierwszy element (NP)
    • Bibliographisches Institut (Lipsk).
    • 4
    • Kod relacji
    • pbl
    • 9
    • KHW
    • 51825
Lokalizacja Data inwentaryzacji Status udost. Numer inwentarzowy Sygnatura
BG2000-05-101Z.59675Z.59675
BG2000-05-10-3W.123685W.123685
BG2000-05-10-3W.123686W.123685
BG2000-05-102W.125802W.123685
BG2000-05-102W.125803W.123685
BG2000-05-102W.123956W.123685
BG2000-05-10-3W.123955W.123685
BG2000-05-102W.125804W.123685
BG2000-05-102W.123957W.123685
BG2000-05-10-3W.181791 
BG2000-05-10-3W.181792 
BG2000-05-102W.181793 
BG2000-05-102W.181794 
BM2000-05-10-3G.3134 
BM2000-05-101G.3133 
BM2000-05-101G.3135GERM. Leksykologia 01
BM2000-05-10-3G.3136Germ. Leksykologia 01
BM2000-05-10-3G.9915Germ. Leksykologia 03
BM2000-05-10-3G.3137Germ. Leksykologia 02